[Event "29th Czech Open A 2018"]
[Site "Pardubice CZE"]
[Date "2018.07.21"]
[Round "2.51"]
[White "Kutynec, Vladimir"]
[Black "Tomazini, Zan"]
[Result "0-1"]
[WhiteTitle "IM"]
[BlackTitle "IM"]
[WhiteElo "2273"]
[BlackElo "2406"]
[WhiteFideId "4119843"]
[BlackFideId "14608162"]
[EventDate "2018.07.20"]

1. d4 Nf6 2. c4 Nc6 3. Nc3 e5 4. d5 Ne7 5. Nf3 Ng6 6. h4 h5 7. Bg5 d6 8. Qc2 Be7
9. e3 Bg4 10. Bd3 Nf8 11. Nd2 Ng8 12. Bxe7 Nxe7 13. Nde4 Nh7 14. f3 Bf5 15.
Nxd6+ cxd6 16. Bxf5 Nxf5 17. Qxf5 Qb6 18. Qd3 Qxb2 19. O-O Qa3 20. Rab1 b6 21.
f4 O-O 22. Rb3 Qc5 23. Ne4 Qc7 24. fxe5 dxe5 25. Rf5 Qe7 26. Rxh5 f5 27. Ng3 g6
28. Nxf5 gxf5 29. Rxf5 Qxh4 30. c5 e4 31. Qf1 Qg4 32. Rf4 Rxf4 33. exf4 bxc5 34.
Kh2 Qh5+ 35. Rh3 Qxd5 36. Qa6 Qf7 37. Qc6 Rf8 38. Qxc5 Qxf4+ 39. Rg3+ Kh8 40.
Qxa7 Rg8 41. Qe3 Qd6 42. a4 Rg6 43. a5 Rh6+ 44. Kg1 Qd1+ 45. Kf2 Rf6+ 46. Rf3
exf3 0-1

[Event "29th Czech Open A 2018"]
[Site "Pardubice CZE"]
[Date "2018.07.21"]
[Round "2.52"]
[White "Potapov, Alexander1"]
[Black "Perov, German"]
[Result "1/2-1/2"]
[WhiteTitle "GM"]
[WhiteElo "2404"]
[BlackElo "2256"]
[WhiteFideId "4115074"]
[BlackFideId "44111410"]
[EventDate "2018.07.20"]

1. d4 Nf6 2. c4 e6 3. Nf3 d5 4. Bg5 Bb4+ 5. Nbd2 dxc4 6. Qc2 b5 7. a4 c6 8. e4
Qa5 9. Be2 Nbd7 10. O-O Qb6 11. b3 cxb3 12. Qxb3 a5 13. d5 cxd5 14. exd5 Nxd5
15. Bxb5 O-O 16. Nc4 Qb8 17. Nd4 Nc5 18. Qf3 Bb7 1/2-1/2

[Event "29th Czech Open A 2018"]
[Site "Pardubice CZE"]
[Date "2018.07.21"]
[Round "2.53"]
[White "Manik, Mikulas"]
[Black "Baskakov, Egor"]
[Result "1-0"]
[WhiteTitle "GM"]
[WhiteElo "2400"]
[BlackElo "2203"]
[WhiteFideId "14900734"]
[BlackFideId "24197866"]
[EventDate "2018.07.20"]

1. e4 c5 2. Nf3 Nf6 3. Nc3 d5 4. exd5 Nxd5 5. Bb5+ Bd7 6. Ne5 e6 7. Qh5 g6 8.
Qf3 Qf6 9. Nxd7 Nxd7 10. Bxd7+ Kxd7 11. Qg4 Qe5+ 12. Kf1 Bd6 13. Qa4+ Ke7 14.
Nxd5+ Qxd5 15. d3 Rac8 16. b3 Be5 17. Rb1 a6 18. h4 Bd4 19. Rh3 h6 20. Bd2 g5
21. Re1 gxh4 22. Rxh4 Rcg8 23. Rh2 Rg6 24. Be3 Rg4 25. f3 Qf5 26. Ke2 Qe5 27.
fxg4 Qxe3+ 28. Kd1 Qf4 29. Rhh1 Qxg4+ 30. Re2 Qg3 31. Qa5 Qd6 32. Qe1 Bf6 33.
Re4 h5 34. Rf1 Rh6 35. Qf2 Rg6 36. Qf3 b6 37. Qxh5 Rxg2 38. Qf3 Rg6 39. Kc1 c4
40. Rxc4 Qa3+ 41. Kd2 Qxa2 42. Qa8 Qa5+ 43. b4 Qe5 44. d4 Qh2+ 45. Kc3 Qd6 46.
Qc8 Rg3+ 47. Kb2 Bxd4+ 48. Kb1 Bf2 49. Rxf2 Rg1+ 50. Ka2 1-0

[Event "29th Czech Open A 2018"]
[Site "Pardubice CZE"]
[Date "2018.07.21"]
[Round "2.54"]
[White "Debevec, Blaz"]
[Black "Grekh, Andrey"]
[Result "0-1"]
[BlackTitle "IM"]
[WhiteElo "2169"]
[BlackElo "2400"]
[WhiteFideId "14605813"]
[BlackFideId "14112418"]
[EventDate "2018.07.20"]

1. d4 Nf6 2. c4 c5 3. d5 b5 4. cxb5 a6 5. b6 d6 6. Nc3 Nbd7 7. Nf3 Nxb6 8. e4 g6
9. Qc2 Bg7 10. Be2 O-O 11. O-O Ne8 12. Bf4 e5 13. Bg5 f6 14. Bh4 Qc7 15. Nd2 f5
16. f3 Bh6 17. Bf2 Nf6 18. a4 fxe4 19. fxe4 Bg4 20. a5 Nbd7 21. Nc4 Rf7 22. Bd3
Raf8 23. h3 Bh5 24. Nd1 Bxd1 25. Qxd1 Nh5 26. g3 Qd8 27. Qg4 Ndf6 28. Qe2 Ne8
29. Qg4 Kh8 30. Kg2 Bf4 31. Bc2 Nef6 32. Qd1 Bxg3 33. Bg1 Bf4 34. Ra3 Bh6 35.
Bh2 Nf4+ 36. Kh1 Qd7 37. Rff3 N6h5 38. Qf1 Qe7 39. Ne3 Qh4 40. Ng4 Bg7 41. Rab3
Kg8 42. Qf2 Qg5 43. Qd2 Qh4 44. Qf2 Qd8 45. Qd2 Qc8 46. Bd1 Rb7 47. Rxb7 Qxb7
48. Rb3 Qc7 49. Rb6 Nxh3 50. Rxa6 Qf7 51. Qg2 N5f4 52. Qf1 h5 53. Ne3 Qe7 54.
Rb6 Nd3 55. Nf5 Ndf2+ 56. Kg2 gxf5 0-1

[Event "29th Czech Open A 2018"]
[Site "Pardubice CZE"]
[Date "2018.07.21"]
[Round "2.55"]
[White "Biriukov, Nikolai"]
[Black "Murray, David"]
[Result "1/2-1/2"]
[WhiteTitle "IM"]
[WhiteElo "2398"]
[BlackElo "2112"]
[WhiteFideId "14103842"]
[BlackFideId "2501511"]
[EventDate "2018.07.20"]

1. Nf3 Nf6 2. c4 c5 3. Nc3 Nc6 4. g3 d5 5. cxd5 Nxd5 6. Bg2 Nc7 7. a3 e5 8. b4
a6 9. O-O Rb8 10. Rb1 f6 11. bxc5 Bxc5 12. Nh4 Bd7 13. e3 O-O 14. Qc2 f5 15. Nd5
Bd6 16. Nb6 Be6 17. d3 Kh8 18. Bb2 Nb5 19. Nc4 Bxc4 20. dxc4 Nxa3 21. Bxa3 Bxa3
22. Bxc6 bxc6 23. Rxb8 Qxb8 24. Ra1 Bc5 25. Rxa6 f4 26. Ng2 Qb7 27. Ra1 fxe3 28.
Nxe3 Bxe3 29. fxe3 c5 30. e4 h6 31. Rd1 Qb4 32. Kg2 Ra8 33. Rd5 Ra4 34. Rxc5 Kh7
35. Qf2 Ra2 36. Qxa2 Qxc5 37. Qc2 Kh8 38. Qd3 Qb4 39. Kh3 Qf8 40. Kg2 Qb4 41.
Qe2 Qc3 42. Kh3 Kg8 43. Kg2 Kh8 44. Kh3 Kg8 45. Kg4 g6 46. Kh3 Kg7 47. Qa2 Qf3
48. Qa7+ Kf6 49. Qb6+ Kf7 50. Qc7+ Ke6 51. Qc6+ Kf7 52. Qd5+ Kf6 53. Qd6+ Kf7
54. Qd5+ Kf6 55. Qd6+ Kf7 56. Qd5+ 1/2-1/2

[Event "29th Czech Open A 2018"]
[Site "Pardubice CZE"]
[Date "2018.07.21"]
[Round "2.56"]
[White "Sinauridze, Simons"]
[Black "Rahul, Srivatshav P"]
[Result "0-1"]
[BlackTitle "IM"]
[WhiteElo "2088"]
[BlackElo "2397"]
[WhiteFideId "11604468"]
[BlackFideId "25059653"]
[EventDate "2018.07.20"]

1. e4 c5 2. Nf3 e6 3. d3 d5 4. Qe2 Nf6 5. e5 Nfd7 6. g3 Nc6 7. Bg2 Be7 8. O-O g5
9. h3 h5 10. c3 g4 11. hxg4 hxg4 12. Nh2 Ndxe5 13. Nxg4 Nxg4 14. Qxg4 e5 15. Qe2
Bh3 16. Bxh3 Rxh3 17. Qg4 Rh8 18. Nd2 Qd7 19. Qxd7+ Kxd7 20. Kg2 f5 21. f4 Rag8
22. Nf3 e4 23. dxe4 fxe4 24. Ne5+ Nxe5 25. fxe5 Rh7 26. Bf4 Rgh8 27. Rh1 Rxh1
28. Rxh1 Rxh1 29. Kxh1 Ke6 30. g4 Bf8 31. Kg2 Bg7 32. Kf2 Bxe5 33. Ke3 a5 34.
Bh6 a4 35. c4 Bd4+ 36. Kf4 dxc4 37. Kxe4 Bxb2 38. Be3 Bd4 39. Bc1 b5 0-1

[Event "29th Czech Open A 2018"]
[Site "Pardubice CZE"]
[Date "2018.07.21"]
[Round "2.57"]
[White "Chekletsov, Ilya"]
[Black "Green, Andrew D"]
[Result "1-0"]
[WhiteTitle "IM"]
[BlackTitle "CM"]
[WhiteElo "2395"]
[BlackElo "2074"]
[WhiteFideId "24177156"]
[BlackFideId "2401762"]
[EventDate "2018.07.20"]

1. d4 Nf6 2. c4 g6 3. Nc3 Bg7 4. e4 d6 5. Be2 O-O 6. f4 c5 7. d5 e6 8. Nf3 exd5
9. cxd5 Bg4 10. O-O Nbd7 11. a4 a6 12. h3 Bxf3 13. Bxf3 Ne8 14. Be3 Qa5 15. Qd2
c4 16. Qf2 Rc8 17. Qg3 Qb4 18. Rab1 Nc5 19. e5 Nxa4 20. Bg4 Rc7 21. Nxa4 Qxa4
22. Bb6 dxe5 23. d6 Rc6 24. d7 Nc7 25. Bxc7 Rxc7 26. fxe5 Rxd7 27. e6 Rd3 28.
exf7+ Kh8 29. Qc7 b5 30. Rbe1 Qb4 31. Re8 Qd6 32. Qc8 Rd2 33. Rf6 Qb4 34. Rfe6
Rxb2 35. Qc7 Qc3 36. Qb8 Qd4+ 37. Kh2 Qc5 38. Qd8 Rf2 39. R6e7 h5 40. Rxf8+ 1-0

[Event "29th Czech Open A 2018"]
[Site "Pardubice CZE"]
[Date "2018.07.21"]
[Round "2.58"]
[White "Machlik, Edit"]
[Black "Lalic, Bogdan"]
[Result "1/2-1/2"]
[BlackTitle "GM"]
[WhiteElo "2046"]
[BlackElo "2394"]
[WhiteFideId "1513591"]
[BlackFideId "409081"]
[EventDate "2018.07.20"]

1. d4 Nf6 2. c4 d6 3. Nc3 Bf5 4. Nf3 g6 5. g3 Ne4 6. Nd5 c6 7. Ne3 Bd7 8. Bg2
Bg7 9. O-O O-O 10. Qd3 f5 11. Nd1 Na6 12. Ne1 Nf6 13. Nc3 e5 14. Nc2 e4 15. Qd1
Nc7 16. b4 d5 17. c5 Ne6 18. a4 g5 19. f3 exf3 20. exf3 f4 21. g4 h5 22. h3 hxg4
23. hxg4 Ne8 24. Bb2 Qf6 25. Ne2 Rf7 26. Kf2 Nf8 27. Nc1 Ng6 28. Nd3 Nc7 29. Qd2
Re7 30. Rae1 Rae8 31. Rxe7 Rxe7 1/2-1/2

[Event "29th Czech Open A 2018"]
[Site "Pardubice CZE"]
[Date "2018.07.21"]
[Round "2.59"]
[White "Harshini, A"]
[Black "Piscopo, Pierluigi"]
[Result "1/2-1/2"]
[WhiteTitle "WFM"]
[BlackTitle "IM"]
[WhiteElo "2037"]
[BlackElo "2389"]
[WhiteFideId "25008986"]
[BlackFideId "809152"]
[EventDate "2018.07.20"]

1. e4 c5 2. Nf3 Nc6 3. d4 cxd4 4. Nxd4 e5 5. Nb5 d6 6. N1c3 a6 7. Na3 Be7 8. Nd5
Nf6 9. Nxf6+ Bxf6 10. Nc4 O-O 11. Be2 Nd4 12. O-O b5 13. Ne3 Bb7 14. Bd3 Bg5 15.
Qg4 g6 16. c3 Ne6 17. Rd1 Nc5 18. Nf1 Bxc1 19. Raxc1 h5 20. Qe2 Qg5 21. Qe3 Qg4
22. f3 Qe6 23. Bb1 Kg7 24. Rd2 Qe7 25. Rcd1 Rfd8 26. Qf2 a5 27. Ne3 a4 1/2-1/2

[Event "29th Czech Open A 2018"]
[Site "Pardubice CZE"]
[Date "2018.07.21"]
[Round "2.60"]
[White "Plat, Vojtech"]
[Black "Stanek, Petr"]
[Result "1-0"]
[WhiteTitle "GM"]
[WhiteElo "2543"]
[BlackElo "1901"]
[WhiteFideId "325740"]
[BlackFideId "347540"]
[EventDate "2018.07.20"]

1. e4 e6 2. d4 d5 3. Nd2 h6 4. Ngf3 Nf6 5. Bd3 c5 6. exd5 exd5 7. Qe2+ Be7 8.
dxc5 O-O 9. Nb3 Re8 10. Be3 Nc6 11. O-O-O Qc7 12. Qd2 Ng4 13. Bf4 Nge5 14. Nxe5
Nxe5 15. Bb5 Rd8 16. Rhe1 Bf6 17. Qd4 a6 18. Ba4 b5 19. cxb6 Qxc2+ 20. Kxc2 Bf5+
21. Kd2 Nc4+ 22. Ke2 Bxd4 23. Nxd4 1-0

[Event "29th Czech Open A 2018"]
[Site "Pardubice CZE"]
[Date "2018.07.21"]
[Round "2.61"]
[White "Kratochvil, Vit1"]
[Black "Stefansson, Hannes"]
[Result "1-0"]
[BlackTitle "GM"]
[WhiteElo "2233"]
[BlackElo "2536"]
[WhiteFideId "333808"]
[BlackFideId "2300087"]
[EventDate "2018.07.20"]

1. e4 c5 2. Nf3 Nc6 3. d4 cxd4 4. Nxd4 e6 5. Nb5 d6 6. c4 Nf6 7. N1c3 a6 8. Nd4
Qa5 9. Nb3 Qc7 10. Be2 Ne5 11. Qd4 b6 12. Be3 Rb8 13. f3 Be7 14. O-O O-O 15.
Rac1 Bd7 16. Qd2 Rfc8 17. Nd4 Rb7 18. a4 Qb8 19. b3 Rbc7 20. Rfd1 Be8 21. Kh1
Nfd7 22. Qa2 Qb7 23. Rf1 Nf8 24. Rcd1 Rd8 25. f4 Nc6 26. Bf3 Nxd4 27. Bxd4 Ng6
28. Qf2 Rb8 29. f5 Ne5 30. Bxe5 dxe5 31. fxe6 fxe6 32. Bg4 Rc6 33. Qg3 Qc7 34.
Qh3 Bf7 35. Rxf7 Kxf7 36. Qxh7 Bf6 37. Rf1 Rf8 38. Bh5+ Ke7 39. Rxf6 1-0

[Event "29th Czech Open A 2018"]
[Site "Pardubice CZE"]
[Date "2018.07.21"]
[Round "2.62"]
[White "Shyam, Sundar M."]
[Black "Maltsevskaya, Aleksandra"]
[Result "1-0"]
[WhiteTitle "GM"]
[WhiteElo "2527"]
[BlackElo "2261"]
[WhiteFideId "5019141"]
[BlackFideId "24174041"]
[EventDate "2018.07.20"]

1. d4 Nf6 2. c4 g6 3. Nc3 Bg7 4. e4 d6 5. Be2 O-O 6. Bg5 h6 7. Be3 c5 8. d5 e6
9. Qd2 exd5 10. exd5 Kh7 11. h4 Re8 12. h5 g5 13. Nf3 Ng4 14. Nxg5+ hxg5 15.
Bxg5 Bf6 16. Bxf6 Qxf6 17. O-O-O Qh6 18. Rde1 Rd8 19. Bxg4 Bxg4 20. f3 Bd7 21.
g4 Qxd2+ 22. Kxd2 Na6 23. Ne4 Kg7 24. h6+ Kg6 25. Rh5 f6 26. h7 Rh8 27. Reh1
Raf8 28. g5 fxg5 29. Rxg5+ Kf7 30. Rh6 Ke7 31. Nxd6 Be8 32. Rg7+ Kd8 33. Nxb7+
Kc8 34. Rxa6 Kb8 35. Nd6 1-0

[Event "29th Czech Open A 2018"]
[Site "Pardubice CZE"]
[Date "2018.07.21"]
[Round "2.63"]
[White "Jarmula, Lukasz"]
[Black "Gan-Erdene, Sugar"]
[Result "1/2-1/2"]
[WhiteTitle "IM"]
[WhiteElo "2512"]
[BlackElo "2247"]
[WhiteFideId "1160664"]
[BlackFideId "4902980"]
[EventDate "2018.07.20"]

1. e4 c5 2. Nf3 d6 3. d4 cxd4 4. Nxd4 Nf6 5. Nc3 Nc6 6. Bg5 e6 7. f4 h6 8. Bh4
Bd7 9. Qd3 a6 10. Nf3 Qa5 11. Be2 Be7 12. O-O O-O 13. a3 Rac8 14. Kh1 Rfd8 15.
Qd2 Be8 16. Bd3 Qh5 17. h3 Nd4 18. Nxd4 Qxh4 19. f5 Nh5 20. Nce2 e5 21. Nf3 Ng3+
22. Nxg3 Qxg3 23. Qe2 b5 24. c4 Bg5 25. Nxg5 Qxg5 26. f6 g6 27. cxb5 axb5 28.
Rad1 Rc5 29. Qf2 Rdc8 30. Bb1 R5c6 31. Kh2 Bd7 32. Qd2 Qxd2 33. Rxd2 Be6 34.
Rfd1 Bb3 35. Rf1 g5 36. Rf3 Be6 37. Bd3 Rb8 38. Bc2 b4 39. a4 b3 40. Bd3 Bc4 41.
a5 Ba6 42. h4 g4 43. Rg3 h5 44. Bxa6 Rxa6 45. Rgd3 Rxa5 46. Rxd6 Rc5 47. R2d5
Rbc8 48. Rd8+ Rxd8 49. Rxc5 Rd2 50. Rxe5 Rxb2 51. Rg5+ Kh7 52. Rg7+ Kh6 53. Rxf7
Re2 54. Rb7 Rxe4 55. Rxb3 Rf4 56. Rb6 Kg6 57. Kg3 Rf5 58. Ra6 Rf1 59. Rb6 1/2-1/2

[Event "29th Czech Open A 2018"]
[Site "Pardubice CZE"]
[Date "2018.07.21"]
[Round "2.64"]
[White "Hiti, Domen"]
[Black "Gallego Alcaraz, Andres Felipe"]
[Result "0-1"]
[BlackTitle "IM"]
[WhiteElo "2259"]
[BlackElo "2504"]
[WhiteFideId "14606798"]
[BlackFideId "4402669"]
[EventDate "2018.07.20"]

1. d4 Nf6 2. c4 e6 3. Nc3 Bb4 4. f3 c5 5. d5 O-O 6. e4 b5 7. a3 Bxc3+ 8. bxc3
Qa5 9. Bd2 bxc4 10. dxe6 fxe6 11. e5 Nd5 12. Bxc4 Nf4 13. g3 Ng6 14. Qe2 Nc6 15.
f4 Ncxe5 16. h4 Nxc4 17. Qxc4 Ba6 18. Qe4 d5 19. Qc2 Ne5 20. c4 Qc7 0-1

[Event "29th Czech Open A 2018"]
[Site "Pardubice CZE"]
[Date "2018.07.21"]
[Round "2.65"]
[White "Potapov, Pavel"]
[Black "Chudinovskikh, Alexander M"]
[Result "1/2-1/2"]
[WhiteTitle "GM"]
[BlackTitle "IM"]
[WhiteElo "2500"]
[BlackElo "2237"]
[WhiteFideId "4169786"]
[BlackFideId "4106083"]
[EventDate "2018.07.20"]

1. e4 e5 2. Nf3 Nc6 3. Bb5 a6 4. Ba4 Nf6 5. O-O Be7 6. Re1 b5 7. Bb3 O-O 8. c3
d5 9. exd5 Nxd5 10. Nxe5 Nxe5 11. Rxe5 c6 12. d4 Bd6 13. Re1 Qh4 14. g3 Qh3 15.
Bxd5 cxd5 16. Qf3 Bg4 17. Qxd5 Rad8 18. Qg2 Qh5 19. Be3 Bh3 20. Qh1 f5 21. f4 g5
22. Nd2 gxf4 23. gxf4 Kh8 24. Kf2 Qh4+ 25. Ke2 Bxf4 26. Bxf4 Qxf4 27. Kd3 Rg8
28. Qf3 Qh6 29. Qe3 f4 30. Qe5+ Rg7 31. Kc2 Bg2 1/2-1/2

[Event "29th Czech Open A 2018"]
[Site "Pardubice CZE"]
[Date "2018.07.21"]
[Round "2.66"]
[White "Jedlicka, Ales"]
[Black "Zaitsev, Alexander"]
[Result "0-1"]
[WhiteTitle "FM"]
[BlackTitle "GM"]
[WhiteElo "2221"]
[BlackElo "2499"]
[WhiteFideId "304824"]
[BlackFideId "4164490"]
[EventDate "2018.07.20"]

1. d4 Nf6 2. c4 e6 3. Nf3 b6 4. g3 Bb7 5. Bg2 Bb4+ 6. Bd2 a5 7. O-O O-O 8. Nc3
d6 9. Qc2 Nbd7 10. Rad1 h6 11. Rfe1 Bxc3 12. Bxc3 Be4 13. Qd2 c6 14. b3 b5 15.
Qf4 Qe7 16. Bf1 a4 17. Nd2 d5 18. f3 Bg6 19. cxb5 cxb5 20. e4 b4 21. Ba1 axb3
22. axb3 Rfc8 23. Qh4 Qf8 24. e5 Nh7 25. Bb5 Nb6 26. f4 Rc2 27. g4 Raa2 28. Rf1
Qc8 29. Rf2 Rxd2 30. Rfxd2 Rxd2 31. Rxd2 Qc1+ 32. Bf1 Qxd2 33. Qd8+ Nf8 34. f5
exf5 35. Qxb6 fxg4 0-1

[Event "29th Czech Open A 2018"]
[Site "Pardubice CZE"]
[Date "2018.07.21"]
[Round "2.67"]
[White "Hasangatin, Ramil"]
[Black "Lorscheid, Gerhard"]
[Result "1-0"]
[WhiteTitle "GM"]
[BlackTitle "FM"]
[WhiteElo "2497"]
[BlackElo "2229"]
[WhiteFideId "4122160"]
[BlackFideId "4606000"]
[EventDate "2018.07.20"]

1. d4 d6 2. e4 Nf6 3. Nc3 e5 4. dxe5 dxe5 5. Qxd8+ Kxd8 6. Bc4 Ke8 7. Nf3 Bd6 8.
Bg5 c6 9. O-O Nbd7 10. a4 h6 11. Rfd1 Bc7 12. Be3 Ng4 13. Bd2 Bb6 14. Be1 a5 15.
Bf1 Ke7 16. Nd2 Bc7 17. h3 Ngf6 18. Nc4 Nb6 19. Ne3 g6 20. f3 Be6 21. b3 Rhd8
22. Bf2 Rxd1 23. Ncxd1 Nbd7 24. Nb2 Bb6 25. Bc4 Bd4 26. Rb1 Nb6 27. Bxe6 Kxe6
28. Nd3 Nfd7 29. Kf1 Nc5 30. Nxc5+ Bxc5 31. Rd1 h5 32. Nd5 cxd5 33. Bxc5 Ra6 34.
Bxb6 Rxb6 35. Rxd5 Rc6 36. Rxa5 Rxc2 37. Rb5 Kf6 38. Rxb7 Kg5 39. Rxf7 Rb2 40.
a5 Rxb3 41. a6 Ra3 42. a7 Kh4 43. Rg7 1-0

[Event "29th Czech Open A 2018"]
[Site "Pardubice CZE"]
[Date "2018.07.21"]
[Round "2.68"]
[White "Belyakov, Bogdan"]
[Black "Humburg, Philipp"]
[Result "1-0"]
[WhiteTitle "IM"]
[WhiteElo "2489"]
[BlackElo "2225"]
[WhiteFideId "24104795"]
[BlackFideId "24656151"]
[EventDate "2018.07.20"]

1. e4 e5 2. Nf3 Nc6 3. Bb5 a6 4. Ba4 Nf6 5. O-O Be7 6. Bxc6 dxc6 7. d3 Bg4 8. h3
Bxf3 9. Qxf3 Nd7 10. Nd2 Bg5 11. Qg3 O-O 12. Nc4 Bxc1 13. Raxc1 Qe7 14. Ne3 Rfe8
15. Nf5 Qf6 16. f4 Qg6 17. Qh4 Qf6 18. Qg3 Qg6 19. Qh2 c5 20. Rf3 Qc6 21. Qg3 g6
22. Rcf1 f6 23. Ne3 exf4 24. Qxf4 Re6 25. Nd5 Rc8 26. h4 Kg7 27. h5 Qd6 28. h6+
Kf7 29. Qg5 Rce8 30. Qh4 c6 31. Ne3 b5 32. b3 Ke7 33. Ng4 Rf8 34. Qe1 Ne5 35.
Nxe5 Rxe5 36. Qa5 Rh5 37. Qxa6 Qd4+ 38. R1f2 Qa1+ 39. Rf1 Qd4+ 40. R3f2 Kd6 41.
Qa7 Qe5 42. Re1 Qh2+ 43. Kf1 Qg3 44. Ke2 Qg4+ 45. Kd2 Qg5+ 46. Kd1 Qxh6 47. d4
cxd4 48. Qxd4+ Kc7 49. Qa7+ Kc8 50. Rd2 Rh1 51. Rd7 Qh5+ 52. Kd2 Qg5+ 53. Re3
Qxg2+ 54. Kc3 b4+ 55. Kb2 Rb1+ 56. Kxb1 Qf1+ 57. Kb2 Qa1+ 58. Kxa1 Rd8 59. Qb7# 1-0

[Event "29th Czech Open A 2018"]
[Site "Pardubice CZE"]
[Date "2018.07.21"]
[Round "2.69"]
[White "Olson, Hamish"]
[Black "Gutman, Gennadi"]
[Result "1/2-1/2"]
[BlackTitle "GM"]
[WhiteElo "2229"]
[BlackElo "2476"]
[WhiteFideId "2404257"]
[BlackFideId "14102277"]
[EventDate "2018.07.20"]

1. d4 Nf6 2. Nf3 e6 3. c4 Bb4+ 4. Bd2 a5 5. Nc3 O-O 6. e3 b6 7. Rc1 Bb7 8. Bd3
d6 9. O-O Nbd7 10. a3 Bxc3 11. Bxc3 Ne4 12. b3 f5 13. Bb2 Qe7 14. Ne1 Rf6 15. f3
Ng5 16. Rc2 f4 17. Bc1 fxe3 18. Bxe3 Nf7 19. g4 e5 20. d5 g5 21. Be4 Nc5 22.
Rcf2 h6 23. Bb1 Qf8 24. b4 axb4 25. axb4 Nd7 26. Rb2 Bc8 27. Be4 Qg7 28. Nd3 Nf8
29. Nf2 Ng6 30. Nh1 Nfh8 31. Ng3 Qf8 32. c5 bxc5 33. bxc5 Nh4 34. cxd6 cxd6 35.
Rc2 N8g6 36. Rc7 Rf7 37. Qc1 Rxc7 38. Qxc7 Qe7 39. Rc1 Qxc7 40. Rxc7 Ra1+ 41.
Kf2 Ra2+ 42. Rc2 Rxc2+ 43. Bxc2 Kf7 44. Ne4 Ke7 45. Nxg5 hxg5 46. Bxg5+ Kf7 47.
Kg3 Nxf3 48. Kxf3 e4+ 49. Bxe4 Ne5+ 50. Kg3 Nxg4 51. h4 Nf6 52. Bxf6 Kxf6 53.
Kf4 Bb7 54. h5 1/2-1/2

[Event "29th Czech Open A 2018"]
[Site "Pardubice CZE"]
[Date "2018.07.21"]
[Round "2.70"]
[White "Gasanov, Eldar"]
[Black "Leeb, Simon"]
[Result "1-0"]
[WhiteTitle "GM"]
[WhiteElo "2475"]
[BlackElo "2224"]
[WhiteFideId "14104466"]
[BlackFideId "12924768"]
[EventDate "2018.07.20"]

1. d4 d5 2. c4 c6 3. Nf3 Nf6 4. Nc3 a6 5. a4 e6 6. Bf4 a5 7. e3 Nbd7 8. Bd3 Be7
9. h3 O-O 10. O-O Re8 11. e4 dxe4 12. Nxe4 Nxe4 13. Bxe4 Bf6 14. Qc2 c5 15. dxc5
e5 16. Be3 Qc7 17. Bxh7+ Kh8 18. Be4 Nxc5 19. Bd5 e4 20. Nd4 Nd3 21. Bxe4 Nb4
22. Qb1 Bxd4 23. Bxd4 Qxc4 24. Rd1 Nc6 25. Bd5 Qe2 26. Bxf7 Re4 27. Bc4 Nxd4 28.
Rxd4 1-0

[Event "29th Czech Open A 2018"]
[Site "Pardubice CZE"]
[Date "2018.07.21"]
[Round "2.71"]
[White "Balasubramaniam, H"]
[Black "Neverov, Valeriy"]
[Result "0-1"]
[BlackTitle "GM"]
[WhiteElo "2219"]
[BlackElo "2473"]
[WhiteFideId "35053248"]
[BlackFideId "14100150"]
[EventDate "2018.07.20"]

1. e4 c5 2. Nc3 Nc6 3. Bb5 g6 4. Bxc6 bxc6 5. f4 Bg7 6. Nf3 d6 7. d3 Nh6 8. O-O
O-O 9. Qe1 f6 10. Kh1 Nf7 11. h3 f5 12. e5 Qc7 13. Qe2 Rb8 14. Re1 Nd8 15. Qf2
Ne6 16. Rb1 d5 17. Na4 d4 18. b3 Ba6 19. Ba3 Rb5 20. Qg3 Bh6 21. Bc1 Ra5 22. Bd2
Rxa4 23. bxa4 c4 24. dxc4 c5 25. Nh4 Bxc4 26. Qf3 Qd8 27. Rb2 Bd5 28. Qf2 c4 29.
c3 dxc3 30. Bxc3 Nxf4 31. e6 Be4 32. Qg3 Qd3 33. Re3 Qf1+ 34. Kh2 Ne2 35. Qe1
Bf4+ 36. g3 Qxe1 37. Bxe1 Bxe3 38. Rxe2 Bd4 39. Bb4 c3 40. Ng2 c2 41. Ba3 Rb8
42. Bc1 Rb1 43. Re1 Rxc1 44. Rxc1 Bb2 0-1

[Event "29th Czech Open A 2018"]
[Site "Pardubice CZE"]
[Date "2018.07.21"]
[Round "2.72"]
[White "Balint, Vilmos"]
[Black "Biolek, Richard Jr."]
[Result "0-1"]
[BlackTitle "IM"]
[WhiteElo "2220"]
[BlackElo "2469"]
[WhiteFideId "718050"]
[BlackFideId "319996"]
[EventDate "2018.07.20"]

1. e4 c5 2. Nf3 d6 3. d4 cxd4 4. Nxd4 Nf6 5. Nc3 Nc6 6. Bb5 Bd7 7. O-O e6 8. Be3
Be7 9. f4 O-O 10. Qf3 Qc7 11. Rf2 Nxd4 12. Bxd4 Bxb5 13. Nxb5 Qc4 14. Bxf6 gxf6
15. Na3 Qc5 16. Kh1 f5 17. exf5 Qxf5 18. Qxb7 Bh4 19. g3 Bf6 20. c3 d5 21. Rd1
Rfb8 22. Qc6 Qe4+ 23. Kg1 Rc8 24. Qb7 Rab8 25. Qa6 Bd8 26. Nc2 Bb6 27. Nd4 Rc4
28. Qa3 Bc5 29. Qa5 Bb6 30. Qa3 Bc5 31. Qa5 Rc8 32. Rfd2 Bxd4+ 33. Rxd4 Rxd4 34.
Rxd4 Qb1+ 35. Kg2 Qxb2+ 36. Kh3 Qxc3 37. Qxa7 Qc2 38. Rb4 Qf5+ 39. g4 Qd3+ 40.
Kh4 Qd2 41. Qd7 Rf8 42. Rb3 Qxh2+ 43. Rh3 Qxf4 44. Qe7 Kg7 45. Qc5 Ra8 46. Qc3+
Qf6+ 47. Qxf6+ Kxf6 48. g5+ Kg6 0-1

[Event "29th Czech Open A 2018"]
[Site "Pardubice CZE"]
[Date "2018.07.21"]
[Round "2.73"]
[White "Pacher, Milan"]
[Black "Kearns, Christopher"]
[Result "1-0"]
[WhiteTitle "GM"]
[WhiteElo "2467"]
[BlackElo "2221"]
[WhiteFideId "14907445"]
[BlackFideId "24642118"]
[EventDate "2018.07.20"]

1. e4 d5 2. exd5 Nf6 3. c4 e6 4. d4 exd5 5. Nc3 Bb4 6. Bd3 O-O 7. Ne2 c5 8. O-O
cxd4 9. Nxd4 dxc4 10. Bxc4 Bg4 11. f3 Bc5 12. Be3 Bd7 13. Kh1 Bb6 14. Qb3 Na6
15. Rad1 Nc5 16. Qc2 Qc8 17. Ndb5 Bf5 18. Qf2 Bg6 19. Nd6 Qc7 20. Ncb5 Qc6 21.
Rc1 a6 22. Bxc5 Bxc5 23. Bxf7+ Bxf7 24. Rxc5 Qb6 25. Nxf7 axb5 26. Nh6+ Kh8 27.
Nf5 Nd7 28. Rd5 Qe6 29. Rfd1 Ne5 30. Nxg7 Kxg7 31. Qd4 Rfe8 32. f4 Ra4 33. b4
Rxa2 34. Rxe5 Qf6 35. Qd7+ Qf7 36. Rxe8 1-0